000 00283nam a2200121Ia 4500
100 _aBPB Publication
942 _cBK
654 _aWorld transistor
245 _aWorld transistor equivalents & data A-Z series
260 _bBPB Publication
_c1992
546 _aENGLISH
999 _c25843
_d25843